000 00521nam a2200193 a 4500
001 1769948271081
003 YourLibrary
005 20260201175205.0
008 260201s1998##################000#0#eng##
020 _a9780198290186
082 0 4 _a330.94
_bCOO
100 1 _aCooke, Philip N.,
_eauthor.
245 1 0 _aThe Associational Economy :
260 _bOxford University Press, USA,
_c1998.
300 _a278 pages
650 0 _aBusiness & Economics.
942 _cENGLISH
040 _aYourLibrary
_beng
_cYourLibrary
999 _c609996
_d609996